000 01234cam a2200301 i 4500
001 18675
003 CO-MdFUSB
005 20220806124147.0
008 220806b1997 sp |||| |||| 00| 0 spa d
020 _a84-249-1852-5
040 _bspa.
_aCO-MdFUSB
_cCO-MdFUSB
_dCO-MdFUSB
_erda
041 _aspa
082 _a84-249-1852-5
084 _qCO-MdFUSB
100 1 _aFilón de Alejandría
_eautor
245 1 0 _aSobre los sueños / Filón de Alejandría ;
_c/ introducción, traducción y notas de Sofía Torallas Tovar
264 1 _aEspaña :
_bGredos,
_c[1997]
264 4 _c© 1997
300 _a286 páginas
_c;
336 _2rdacontent
_atexto
_btxt
337 _2rdamedia
_asin mediación
_bn
338 _2rdacarrier
_avolumen
_bnc
501 _apasta dura
505 _aNoticia biográfica -- La obra de Filón -- Tradición y transmisión manuscrita de la obra de Filón -- La Biblia de Filón -- El sentido de la alegoresis para Filón -- Tipos de alegoresis filoniana -- Etimología: Antecedentes de Filón -- El tratado "sobre los sueños" -- El tratado "sobre José" Sobre los sueños : Libro I -- Libro II. Sobre José
650 1 4 _aFILOSOFIA ANTIGUA - JUDAISMO HELENICO
942 _cBK
945 _aestudiante
999 _c45088
_d45088